Considers extensions of time (Record no. 71208)
[ view plain ]
| 000 -LEADER | |
|---|---|
| fixed length control field | 01266cam a2200217 4500 |
| 001 - CONTROL NUMBER | |
| control field | ABS65900 |
| 008 - FIXED-LENGTH DATA ELEMENTS--GENERAL INFORMATION | |
| fixed length control field | 020924n2002 000 0 eng u |
| 035 ## - SYSTEM CONTROL NUMBER | |
| System control number | (Sirsi) u119825 |
| 100 ## - MAIN ENTRY--PERSONAL NAME | |
| Personal name | Brewer, G |
| 245 ## - TITLE STATEMENT | |
| Title | Considers extensions of time |
| 260 ## - PUBLICATION, DISTRIBUTION, ETC. | |
| -- | 2002 |
| 490 ## - SERIES STATEMENT | |
| Series statement | Contract Journal |
| Volume/sequential designation | 414(6386) 17 July 2002, 21(1) |
| 520 ## - SUMMARY, ETC. | |
| Summary, etc. | Looks at recent case "Motherwell Bridge Construction v Micafil Vakuumtechnik" [2002] which deals with the concurrent delays arising after the date for completion of the works. Implies that a contractor may be entitled to an extension of time for a relevant delay event, regardless of other delays caused by the contractor. In determining the effect of such delays after the date for completion, it may be correct to take into account the incidence of the delaying event and thus award a full extension of time, if that is considered fair and reasonable. (Taken from article headnote) |
| 590 ## - LOCAL NOTE (RLIN) | |
| Local note | ABS |
| 650 ## - SUBJECT ADDED ENTRY--TOPICAL TERM | |
| Topical term or geographic name entry element | EXTENSIONS OF TIME |
| 650 ## - SUBJECT ADDED ENTRY--TOPICAL TERM | |
| Topical term or geographic name entry element | MOTHERWELL BRIDGE CONSTRUCTION LTD V MICAFIL VAKUUMTECHNIK |
| 650 ## - SUBJECT ADDED ENTRY--TOPICAL TERM | |
| Topical term or geographic name entry element | BALFOUR BEATTY BUILDING LTD V CHESTERMOUNT PROPERTIES LTD |
| 650 ## - SUBJECT ADDED ENTRY--TOPICAL TERM | |
| Topical term or geographic name entry element | HENRY BOOT CONSTRUCTION (UK) V MALMAISON HOTEL (MANCHESTER) |
| 690 ## - LOCAL SUBJECT ADDED ENTRY--TOPICAL TERM (OCLC, RLIN) | |
| Topical term or geographic name as entry element | BUILDING AND CONSTRUCTION-CASE LAW |
| 942 ## - ADDED ENTRY ELEMENTS (KOHA) | |
| Suppress in OPAC | 0 |
| Withdrawn status | Lost status | Source of classification or shelving scheme | Damaged status | Not for loan | Home library | Current library | Shelving location | Date acquired | Total Checkouts | Full call number | Barcode | Date last seen | Copy number | Price effective from | Koha item type |
|---|---|---|---|---|---|---|---|---|---|---|---|---|---|---|---|
| Dewey Decimal Classification | London | London | Journal article | 24/09/2002 | ABS65900 | 119825-1001 | 06/08/2019 | 1 | 06/08/2019 | Journal article |